Making more of small spaces

Bibliographic Details
Main Author: Crafti, Stephen
Format: Book
Published: Victoria : The Images Publishing Group Pty Ltd , 2003
Subjects:

MARC

LEADER 00000cam a2200000 7i4500
001 0000015485
005 20050609.0
020 |a 1920744258 
040 |a INS 
090 0 0 |a NK2113   |b C735 2003 
100 1 |a Crafti, Stephen 
245 0 0 |a Making more of small spaces   |c Stephen Crafti 
260 |a Victoria :   |b The Images Publishing Group Pty Ltd ,   |c 2003 
300 |a 200p ;   |c 21cm. 
650 0 0 |a Interior achitecture 
650 0 0 |a Room layout (dwellings) 
650 0 0 |a Small houses 
650 0 0 |a Space (architecture) 
999 |a 0000015388   |b BOOK   |c Open Shelf   |e Default branch